Handbook of practical gear design / (Record no. 61033)

000 -LEADER
fixed length control field 01017pam a2200289 a 4500
001 - CONTROL NUMBER
control field 3785891
003 - CONTROL NUMBER IDENTIFIER
control field NUST-PNEC
005 - DATE AND TIME OF LATEST TRANSACTION
control field 20170116180712.0
008 - FIXED-LENGTH DATA ELEMENTS--GENERAL INFORMATION
fixed length control field 840203s1984 nyua b 001 0 eng
010 ## - LIBRARY OF CONGRESS CONTROL NUMBER
LC control number 84003860
020 ## - INTERNATIONAL STANDARD BOOK NUMBER
International Standard Book Number 0070179514
040 ## - CATALOGING SOURCE
Transcribing agency PNEC
050 00 - LIBRARY OF CONGRESS CALL NUMBER
Classification number TJ184
Item number .D784 1984
082 00 - DEWEY DECIMAL CLASSIFICATION NUMBER
Classification number 621.833 DUD
Edition number 19
100 1# - MAIN ENTRY--PERSONAL NAME
Personal name Dudley, Darle W.
245 10 - TITLE STATEMENT
Title Handbook of practical gear design /
Statement of responsibility, etc. Darle W. Dudley.
260 ## - PUBLICATION, DISTRIBUTION, ETC.
Place of publication, distribution, etc. New York :
Name of publisher, distributor, etc. McGraw-Hill,
Date of publication, distribution, etc. c1984.
300 ## - PHYSICAL DESCRIPTION
Extent 675 p. in various pagings :
Other physical details ill. ;
Dimensions 24 cm.
500 ## - GENERAL NOTE
General note Includes Index http://www.amazon.com/Handbook-Practical-Design-Darle-Dudley/dp/0070179514/ref=sr_1_1?s=books&ie=UTF8&qid=1413361584&sr=1-1&keywords=0070179514
500 ## - GENERAL NOTE
General note Rev. ed. of: Practical gear design. 1st ed. 1954.
500 ## - GENERAL NOTE
General note Includes index.
504 ## - BIBLIOGRAPHY, ETC. NOTE
Bibliography, etc. note Bibliography: p. [632]-[653]
650 #0 - SUBJECT ADDED ENTRY--TOPICAL TERM
Topical term or geographic name entry element Gearing
General subdivision ME
700 1# - ADDED ENTRY--PERSONAL NAME
Personal name Dudley, Darle W.
Title of a work Practical gear design.
906 ## - LOCAL DATA ELEMENT F, LDF (RLIN)
a 7
b cbc
c orignew
d 1
e ocip
f 19
g y-gencatlg
942 ## - ADDED ENTRY ELEMENTS (KOHA)
Source of classification or shelving scheme
Koha item type Book
Holdings
Withdrawn status Lost status Source of classification or shelving scheme Damaged status Not for loan Permanent Location Current Location Shelving location Date acquired Total Checkouts Full call number Barcode Date last seen Price effective from Koha item type
          Pakistan Navy Engineering College (PNEC) Pakistan Navy Engineering College (PNEC) Reference     621.833 DUD PNECLIB-003633 10/15/2014   Book
© 2023 Central Library, National University of Sciences and Technology. All Rights Reserved.